Renovación de la iglesia y renovación del diaconado en América Latina

Salvato in:
Dettagli Bibliografici
Ente Autore: Departamento de Vocaciones del CELAM (Autore)
Natura: Libro
Lingua:spagnolo
Pubblicazione: Bogotá DEVOC 1969
Serie:Colección Devoc, 3
Soggetti:
Tags: Aggiungi Tag
Nessun Tag, puoi essere il primo ad aggiungerne!!

MARC

LEADER 00000nam a2200000 a 4500
001 UCL3466
003 CL-VaPUC
005 20210527001320.0
008 031128e19690000ck 1 spa d
082 0 4 |a 262.14  |b DEP  |2 21 
110 2 |a Departamento de Vocaciones del CELAM  |e author  |9 620420 
245 1 0 |a Renovación de la iglesia y renovación del diaconado en América Latina 
260 |a Bogotá  |b DEVOC  |c 1969 
300 |a 287 p 
490 0 |a Colección Devoc, 3 
583 |a last modification  |c 20190822 02:17:16  |k Rodrigo Vera 
600 0 |a Iglesia católica  |9 255129 
650 0 7 |a DIACONOS  |2 CL-VaPUC  |9 257352 
651 0 |a América Latina   |9 255027 
942 |c BK 
945 |a vberengu  |d 20031128 00:00:00 
546 |a En Español 
536 |a CELAM 
518 |p Encuentro latinoamericano sobre el Diaconado Permanente, 1, Buenos Aires, 19-25 de mayo de 1968 
999 |c 383935  |d 383933 
952 |0 0  |1 0  |4 0  |6 262_140000000000000_DEP_1969  |7 0  |8 A  |9 506263  |a BIBTEO  |b BIBTEO  |d 2020-01-23  |i 2096188  |o 262.14 DEP 1969  |p 2096188  |r 2025-01-17  |w 2020-01-23  |y BK  |k ICR 
952 |0 0  |1 0  |4 0  |6 262_140000000000000_DEP_1969  |7 0  |8 A  |9 506264  |a BIBTEO  |b BIBTEO  |d 2020-01-23  |i 2096196  |o 262.14 DEP 1969  |p 2096196  |r 2025-01-17  |w 2020-01-23  |y BK  |k ICR